| 000 | 00868nam a2200241 a 4500 | ||
|---|---|---|---|
| 001 | BRCA_2685 | ||
| 005 | 20190320203925.0 | ||
| 008 | 021208s1958----sp-a---###---#000-0#spa-u | ||
| 041 | _aspa | ||
| 044 | _asp | ||
| 050 | 4 |
_aPQ6338 _b.V56 1 _c1958 |
|
| 100 | 1 |
_aVindel, Francisco _97608 |
|
| 245 | 1 | 0 |
_aCervantina (23 abril 1958) _bIn Memoriam. Don Alfredo Ramírez Tomé, iniciador del Día de Cervantes ; noticias inéditas sobre la primera edición académica del Quijote de 1780 ; La Quijotitis, cáncer literario incurable _cFrancisco Vindel. |
| 260 |
_aMadrid _bFrancisco Vindel _c1958 |
||
| 300 |
_a30 p. _bil. _c25 cm. |
||
| 500 | _aEjemplar numerado 88 de 225 | ||
| 500 | _aEjemplar igual a AA75 | ||
| 500 | _aAA42 | ||
| 600 | 1 | 4 |
_aCervantes Saavedra, Miguel de _d1547-1616 _9213 |
| 600 | 1 | 4 |
_aRamírez Tomé, Alfredo _97609 |
| 902 | _aGFM | ||
| 942 |
_2lcc _cB |
||
| 999 |
_c2425 _d2425 |
||